000 00703nam a22001815i 4500
001 160985
003 ES-MaACL
005 20251004063210.0
008 970902s1851 sp |||| | spa d
040 _aCLM
_bspa
_cCCPB | SIC
100 1 _aOlloqui, Emilio,
_d1821-1893
_9130642
245 1 3 _aLa victoria de Bailén
_b: oda premiada en el certamen abierto por la Real Academia Española en 2 de marzo de 1850 /
_csu autor Emilio Olloqui.
260 _aMadrid :
_bImprenta Nacional,
_c1851.
300 _a28 p. ;
_c25 cm.
597 _aPort. con esc. xil.
852 _aES-MaACL
_jT-17-F
_z-- Enc. hol.
_q-- Falto de la cub. original
_z-- Enc. en un vol. facticio
999 _c160985
_d160985